|
|
|
|
| LEADER |
00000cam a2200000 a 4500 |
| 001 |
vtls001082006 |
| 003 |
SK-MaSNL |
| 005 |
20260301153252.0 |
| 008 |
240226s1989 xo acl frnp 000 0 slo |
| 015 |
|
|
|a SNBA1989
|
| 020 |
|
|
|a 8008000163
|q (viazané)
|
| 035 |
|
|
|a SNK000024844
|
| 040 |
|
|
|a SNK
|b slo
|c SNK
|e AACR2
|
| 041 |
1 |
|
|a slo
|h cze
|
| 044 |
|
|
|a xo
|c SK
|
| 072 |
|
7 |
|a 37
|x Výchova a vzdelávanie
|2 konspekt
|
| 072 |
|
7 |
|a 796
|x Šport. Hry. Telesné cvičenia
|2 konspekt
|
| 072 |
|
7 |
|a 37.016
|x Učebné osnovy. Vyučovacie predmety. Učebnice
|2 konspekt
|
| 080 |
|
|
|a 37.02
|2 2011
|
| 080 |
|
|
|a 796.92
|2 2001
|
| 080 |
|
|
|a (075.8)
|2 2011
|
| 245 |
0 |
0 |
|a Teória a didaktika lyžovania
|c Miloslav Zálešák a kolektív ; [ilustroval Ladislav Csurma ; z českého originálu preložil Miloslav Zálešák]
|
| 250 |
|
|
|a 1. vyd.
|
| 260 |
|
|
|a Bratislava
|b Slovenské pedagogické nakladateľstvo
|c 1989
|
| 300 |
|
|
|a 260 strán
|b ilustrácie, portréty, schémy, tabuľky
|c 25 cm
|
| 366 |
|
|
|e 700 kusov
|
| 500 |
|
|
|a Preložené z češtiny
|
| 500 |
|
|
|a Ilustrácie na frontispice. Poznámky pod čiarou
|
| 504 |
|
|
|a Bibliografia na strane 257-260
|
| 650 |
0 |
7 |
|a didaktika
|2 SNKPH
|9 3484
|
| 650 |
0 |
7 |
|a lyžovanie
|2 SNKPH
|9 3256
|
| 650 |
0 |
7 |
|a teória
|2 SNKPH
|9 3883
|
| 655 |
|
7 |
|a učebnice vysokých škôl
|2 SNKPH
|9 70191
|
| 700 |
1 |
|
|a Zálešák, Miloslav
|4 aut
|4 trl
|9 368138
|
| 700 |
1 |
|
|a Csurma, Ladislav,
|d 1957-
|4 ill
|9 184168
|
| 919 |
|
|
|a 80-08-00016-3
|
| 954 |
|
|
|a odborná, vedecká literatúra cudzojazyčná (svetová)
|2 lita
|
| 958 |
|
|
|a RK
|
| 958 |
|
|
|a TL
|
| 958 |
|
|
|a CZ
|
| 958 |
|
|
|a NB
|
| 958 |
|
|
|a OND
|
| 958 |
|
|
|a OP
|
| 958 |
|
|
|a UV
|
| 958 |
|
|
|a EUIPO
|
| 999 |
|
|
|c 792252
|d 794182
|
| 952 |
|
|
|a SNK
|b SNK
|y VYP
|7 0
|p 17A0055538
|o snkSC 75093 D1
|i snkKSP 7239/89
|0 0
|1 0
|4 0
|d 1997-03-17
|l 0
|r 2004-12-31 00:00:00
|w 2026-02-24
|
| 952 |
|
|
|a SNK
|b SNK
|y PREZ
|7 0
|p 17A0178026
|o snkSC 75093
|i snkKSP 7238/89
|0 0
|1 0
|4 0
|d 1999-02-02
|f 1
|l 0
|r 2025-07-31 00:00:00
|w 2026-02-24
|
| 952 |
|
|
|t snkZAL 796.92
|a SNKUST
|b SNKUST
|y PREZ
|7 0
|p 17A0343715
|o snkSC 75093 D2
|i snkKSP 5903/2002
|0 0
|1 0
|4 0
|d 2002-05-17
|l 0
|r 2025-05-28 00:00:00
|w 2026-02-24
|